[Event "4NCL Division 3 North"]
[Site "Doncaster, ENG"]
[Date "2018.05.07"]
[Round "11.93"]
[White "Hinchcliffe, Gary"]
[Black "Pocevicius, Dovydas"]
[Result "0-1"]
[WhiteElo "1892"]
[BlackElo "1654"]
[PlyCount "98"]
[EventDate "2018.05.07"]
[WhiteTeam "Shropshire 2"]
[BlackTeam "Enniscorthy"]

1. d4 Nf6 2. Bg5 d5 3. Nf3 Bf5 4. e3 h6 5. Bh4 Nc6 6. c3 g5 7. Bg3 Ne4 8. Bb5
f6 9. Nbd2 Nxg3 10. hxg3 e6 11. Qe2 Bd6 12. e4 dxe4 13. Nxe4 Qe7 14. Nfd2 a6
15. Bd3 Kd7 16. Nxd6 Bxd3 17. Qxd3 cxd6 18. O-O-O Rac8 19. Kb1 Qh7 20. Qxh7+
Rxh7 21. Nc4 Ke7 22. Nb6 Rc7 23. d5 Ne5 24. dxe6 Kxe6 25. Rhe1 Rc6 26. Nd5 Rc5
27. Ne3 Kd7 28. Nf5 Nc4 29. b3 Na3+ 30. Kb2 Rxf5 31. Kxa3 Rxf2 32. c4 b6 33.
Rd5 Re7 34. Rh1 Ree2 35. Rhd1 Rxa2+ 36. Kb4 Rxg2 37. Rxd6+ Ke7 38. Rxb6 Rxg3
39. Rd5 Re3 40. Rb7+ Ke6 41. Rb6+ Kf7 42. Rdd6 a5+ 43. Kc5 Re5+ 44. Kc6 g4 45.
Kd7 Rf2 46. Rb5 g3 47. Rd3 g2 48. Rg3 f5 49. c5 f4 0-1

[Event "4NCL Division 3 North"]
[Site "Doncaster, ENG"]
[Date "2018.05.07"]
[Round "11.94"]
[White "Sidney, Will"]
[Black "Desmedt, Richard"]
[Result "1-0"]
[WhiteElo "1605"]
[BlackElo "1825"]
[PlyCount "73"]
[EventDate "2018.05.07"]
[WhiteTeam "Enniscorthy"]
[BlackTeam "Shropshire 2"]

1. e4 d5 2. exd5 Nf6 3. d4 Nxd5 4. c4 Nb6 5. Nf3 g6 6. Be2 Bg7 7. h3 O-O 8. Nc3
c5 9. Be3 cxd4 10. Bxd4 Bxd4 11. Nxd4 e5 12. Nf3 Nc6 13. O-O Be6 14. b3 a6 15.
Ne4 Qe7 16. Qd6 f5 17. Qxe7 Nxe7 18. Nc5 e4 19. Nxe6 exf3 20. Bxf3 Rf6 21. Nc5
Nc6 22. Rfe1 Rb8 23. Rad1 Kg7 24. Nd7 Nxd7 25. Rxd7+ Rf7 26. Bxc6 bxc6 27. Ree7
Rbf8 28. Kf1 Kf6 29. Rxf7+ Rxf7 30. Rd6+ Ke5 31. Rxc6 Ra7 32. Ke2 a5 33. Ke3 a4
34. b4 a3 35. b5 Ra4 36. Kd3 Rb4 37. Ra6 1-0

[Event "4NCL Division 3 North"]
[Site "Doncaster, ENG"]
[Date "2018.05.07"]
[Round "11.13"]
[White "Delaney, Killian"]
[Black "Turner, John M"]
[Result "1/2-1/2"]
[WhiteElo "2188"]
[BlackElo "2000"]
[PlyCount "45"]
[EventDate "2018.05.07"]
[WhiteTeam "Gonzaga"]
[BlackTeam "Holmes Chapel"]

1. e4 d5 2. exd5 Qxd5 3. Nc3 Qd6 4. d4 Nf6 5. Nf3 a6 6. Bd3 Bg4 7. Ne4 Nxe4 8.
Bxe4 Nc6 9. c3 f5 10. Bc2 e6 11. h3 Bh5 12. g4 Bg6 13. gxf5 Bxf5 14. Bxf5 exf5
15. Qe2+ Be7 16. Bg5 O-O-O 17. Bxe7 Qxe7 18. Qxe7 Nxe7 19. O-O-O Nd5 20. Ne5
Rde8 21. Nd3 Re4 22. Rhe1 Rhe8 23. Kd2 1/2-1/2

[Event "4NCL Division 3 North"]
[Site "Doncaster, ENG"]
[Date "2018.05.07"]
[Round "11.23"]
[White "Paul, Nathanael"]
[Black "Combie, Alex B"]
[Result "0-1"]
[WhiteElo "2005"]
[BlackElo "1999"]
[PlyCount "136"]
[EventDate "2018.05.07"]
[WhiteTeam "Shropshire 1"]
[BlackTeam "Ashfield-Breadsall 1"]

1. e4 c5 2. Nc3 a6 3. g3 b5 4. Bg2 Bb7 5. d3 e6 6. Nh3 b4 7. Ne2 d5 8. O-O dxe4
9. Ng5 Nf6 10. Nf4 h6 11. Nxe4 Nxe4 12. Nxe6 fxe6 13. Qh5+ Kd7 14. dxe4 Kc7 15.
Bf4+ Kb6 16. Rfd1 Qf6 17. c3 g6 18. Qe2 e5 19. Be3 a5 20. cxb4 axb4 21. Rac1
Nc6 22. a3 Nd4 23. Bxd4 cxd4 24. Bf1 Ba6 25. Qc2 Qd6 26. axb4 Bxf1 27. Rxf1 Be7
28. Qb3 Rhc8 29. Rxc8 Rxc8 30. Ra1 Qc6 31. b5 Qc5 32. Ra6+ Kb7 33. Qf3 Qxb5 34.
Ra1 Rf8 35. Qg4 Qc6 36. Qd1 Bc5 37. b4 Bb6 38. Qd3 Ra8 39. Rd1 Rc8 40. Qf3 Rc7
41. Qf8 g5 42. Ra1 Ba7 43. b5 Qxb5 44. Qa3 Ka8 45. Qf8+ Qb8 46. Qxh6 Qd8 47.
Kg2 d3 48. Qb6 Qd7 49. Qb3 Qd4 50. Rb1 Qxf2+ 51. Kh3 Rh7+ 52. Kg4 Qe2+ 53. Kf5
Qf3+ 54. Ke6 Qf7+ 55. Kxe5 Qxb3 56. Rxb3 Rd7 57. Kf6 d2 58. Rb1 d1=Q 59. Rxd1
Rxd1 60. Kxg5 Bb8 61. Kf5 Rh1 62. e5 Rxh2 63. g4 Rf2+ 64. Ke6 Re2 65. g5 Bxe5
66. g6 Ba1+ 67. Kf7 Rg2 68. g7 Bxg7 0-1

[Event "4NCL Division 3 North"]
[Site "Doncaster, ENG"]
[Date "2018.05.07"]
[Round "11.24"]
[White "Garnett, John S"]
[Black "Bryant, Richard B E"]
[Result "1/2-1/2"]
[WhiteElo "1916"]
[BlackElo "2020"]
[PlyCount "87"]
[EventDate "2018.05.07"]
[WhiteTeam "Ashfield-Breadsall 1"]
[BlackTeam "Shropshire 1"]

1. c4 e5 2. g3 Nc6 3. Bg2 f5 4. Nc3 Nf6 5. e3 Be7 6. d4 d6 7. Nge2 O-O 8. O-O
Qe8 9. b3 Bd7 10. dxe5 dxe5 11. Nd5 Nxd5 12. cxd5 Nd8 13. Bb2 Bd6 14. f4 e4 15.
Qd4 Qg6 16. Rac1 c5 17. dxc6 Bxc6 18. Rfd1 Be7 19. Qc4+ Kh8 20. Nd4 Be8 21. Bf1
Bf6 22. Ba3 Rf7 23. Qc2 h5 24. Nb5 Bc6 25. Bc4 Rd7 26. Rxd7 Bxd7 27. Rd1 Bc6
28. Bb2 h4 29. Bxf6 gxf6 30. Qg2 Nf7 31. gxh4 Qh5 32. Qe2 Rg8+ 33. Kf1 Qxh4 34.
Qf2 Qh3+ 35. Ke1 Rg2 36. Bf1 Rxf2 37. Bxh3 Rxh2 38. Bf1 Nh6 39. Nxa7 Ng4 40.
Nxc6 bxc6 41. Rd2 Rh1 42. Ke2 Rh2+ 43. Ke1 Rh1 44. Ke2 1/2-1/2

[Event "4NCL Division 3 North"]
[Site "Doncaster, ENG"]
[Date "2018.05.07"]
[Round "11.26"]
[White "Levens, David G"]
[Black "Gostelow, David W"]
[Result "0-1"]
[WhiteElo "1928"]
[BlackElo "1960"]
[PlyCount "74"]
[EventDate "2018.05.07"]
[WhiteTeam "Ashfield-Breadsall 1"]
[BlackTeam "Shropshire 1"]

1. d4 d5 2. e3 Nf6 3. Nf3 Bf5 4. Bd3 Bg6 5. Ne5 e6 6. b3 Bd6 7. Bb2 c5 8. Qe2
Nc6 9. O-O Qb6 10. Nxc6 bxc6 11. dxc5 Bxc5 12. Nc3 Bd6 13. h3 Qc7 14. f4 O-O
15. g4 Rfe8 16. Rae1 Rad8 17. Qf2 Bxd3 18. cxd3 e5 19. f5 e4 20. Rd1 exd3 21.
Rxd3 Be5 22. Rfd1 h6 23. Qg2 Ne4 24. Nxe4 Bxb2 25. Ng3 Be5 26. Ne2 Rc8 27. Nd4
Bxd4 28. exd4 Re4 29. Qg3 Qe7 30. Rc3 Qf6 31. Qd3 Rce8 32. Kf1 h5 33. Qc2 hxg4
34. Rxc6 Qxf5+ 35. Kg1 gxh3 36. Rf1 Qg5+ 37. Kh1 Re2 0-1

[Event "4NCL Division 3 North"]
[Site "Doncaster, ENG"]
[Date "2018.05.07"]
[Round "11.31"]
[White "Reeve, Andy K"]
[Black "Whitfield, Craig M"]
[Result "1/2-1/2"]
[WhiteElo "2200"]
[BlackElo "2069"]
[PlyCount "76"]
[EventDate "2018.05.07"]
[WhiteTeam "3Cs 2"]
[BlackTeam "Cheddleton 2"]

1. c4 Nf6 2. Nf3 g6 3. g3 Bg7 4. Bg2 O-O 5. O-O d6 6. Nc3 e5 7. d3 h6 8. Rb1 a5
9. a3 Re8 10. b4 axb4 11. axb4 Nc6 12. b5 Nd4 13. Nd2 Nd7 14. Bb2 Nc5 15. Nde4
Nce6 16. e3 Nf5 17. Qc2 h5 18. Ra1 Rxa1 19. Rxa1 c6 20. Qa4 Qb6 21. Qa7 Qxa7
22. Rxa7 Rd8 23. Nd2 Ne7 24. bxc6 Nxc6 25. Ra3 Nb4 26. Nd5 Nxd5 27. Bxd5 Nc5
28. d4 exd4 29. Bxd4 Bxd4 30. exd4 Ne6 31. Ra8 Nc7 32. Ra5 b6 33. Ra1 Nxd5 34.
cxd5 Bh3 35. Ne4 Kf8 36. f3 Bf5 37. Kf2 Bxe4 38. fxe4 Rd7 1/2-1/2

[Event "4NCL Division 3 North"]
[Site "Doncaster, ENG"]
[Date "2018.05.07"]
[Round "11.34"]
[White "Richardson, Alex"]
[Black "Denisov, Seny D"]
[Result "1-0"]
[WhiteElo "2148"]
[BlackElo "1907"]
[PlyCount "38"]
[EventDate "2018.05.07"]
[WhiteTeam "Cheddleton 2"]
[BlackTeam "3Cs 2"]

1. e4 c5 2. Nf3 g6 3. d4 cxd4 4. Qxd4 Nf6 5. Nc3 Nc6 6. Qa4 Bg7 7. e5 Ng8 8.
Bf4 f6 9. exf6 Nxf6 10. Bc4 e6 11. Bd6 Qb6 12. O-O a6 13. Nb5 Kf7 14. Ng5+ Kg8
15. Nc7 Nd4 16. Bf4 h6 17. Nxa8 Qc6 18. Qxc6 bxc6 19. Nf3 Bb7 1-0

[Event "4NCL Division 3 North"]
[Site "Doncaster, ENG"]
[Date "2018.05.07"]
[Round "11.35"]
[White "Tebelev, Michael"]
[Black "Edwards, Simon R"]
[Result "1/2-1/2"]
[WhiteElo "1855"]
[BlackElo "1940"]
[PlyCount "89"]
[EventDate "2018.05.07"]
[WhiteTeam "3Cs 2"]
[BlackTeam "Cheddleton 2"]

1. d4 Nf6 2. c4 b6 3. Nc3 Bb7 4. f3 e6 5. Bg5 Be7 6. e4 Nxe4 7. Bxe7 Nxc3 8.
Bxd8 Nxd1 9. Bxc7 Ne3 10. Kf2 Nf5 11. Rd1 Nc6 12. d5 Nd8 13. Bd3 Ne7 14. dxe6
dxe6 15. Nh3 Rc8 16. Bd6 Ba6 17. b3 Nb7 18. Ba3 Rc7 19. Ng5 h6 20. Ne4 O-O 21.
Rd2 Rd8 22. Rhd1 Rcd7 23. b4 f5 24. b5 fxe4 25. Bxe7 Rxe7 26. Bxe4 Rxd2+ 27.
Rxd2 Bxb5 28. cxb5 Nc5 29. Bg6 Rd7 30. Rxd7 Nxd7 31. Ke3 Kf8 32. Kd4 Ke7 33. f4
Kd6 34. h4 Nf6 35. Be4 Nd7 36. g4 Nc5 37. h5 Nd7 38. g5 Nc5 39. Bc2 Nd7 40. Bg6
Nc5 41. Be8 Ke7 42. Bc6 Kd6 43. Be4 Nd7 44. Bc2 Nc5 45. Bg6 1/2-1/2

[Event "4NCL Division 3 North"]
[Site "Doncaster, ENG"]
[Date "2018.05.07"]
[Round "11.36"]
[White "Floresc, Petru"]
[Black "Ye, Kevin"]
[Result "1-0"]
[WhiteElo "1852"]
[BlackElo "1832"]
[PlyCount "159"]
[EventDate "2018.05.07"]
[WhiteTeam "Cheddleton 2"]
[BlackTeam "3Cs 2"]

1. e4 e5 2. Bc4 Nf6 3. d3 Bc5 4. c3 Nc6 5. b4 Bb6 6. a4 a6 7. h3 h6 8. Ne2 d6
9. O-O Be6 10. Bxe6 fxe6 11. Qb3 Qd7 12. a5 Ba7 13. b5 axb5 14. Qxb5 Bb6 15.
axb6 Rxa1 16. bxc7 Ra8 17. Qxb7 Rc8 18. f4 Qxc7 19. Qb3 d5 20. fxe5 Rb8 21. Qa4
Nxe4 22. dxe4 Rxb1 23. Nd4 Rb6 24. exd5 exd5 25. Nb5 Qxe5 26. Bf4 Qe7 27. Nd6+
Kd7 28. Nf5 Qe4 29. Qxe4 dxe4 30. Nxg7 Rb3 31. Rc1 Ne7 32. Rd1+ Kc8 33. c4 Rc3
34. Rd4 Ng6 35. Rxe4 Nxf4 36. Rxf4 Rg8 37. Nf5 Rg5 38. h4 Rxf5 39. Rxf5 Rxc4
40. g3 Rg4 41. Kf2 Rg6 42. Rd5 Rf6+ 43. Ke3 Kc7 44. Ke4 Kc6 45. Rf5 Rg6 46. Kf4
Kd6 47. g4 Ke6 48. g5 h5 49. Ra5 Kf7 50. Kf5 Rb6 51. g6+ Kg7 52. Ra7+ Kg8 53.
Kg5 Rb5+ 54. Kh6 Rb8 55. Kxh5 Rb5+ 56. Kh6 Rb8 57. Rg7+ Kh8 58. Rf7 Kg8 59. h5
Rb5 60. Ra7 Rb8 61. Rg7+ Kh8 62. Rf7 Kg8 63. Kg5 Rb5+ 64. Rf5 Rb6 65. h6 Rb8
66. Re5 Rc8 67. Re7 Rb8 68. Rc7 Ra8 69. Rd7 Rb8 70. Kf6 Rb6+ 71. Kf5 Rb8 72.
Ke6 Rb6+ 73. Rd6 Rb8 74. Ke7 Rb7+ 75. Rd7 Rxd7+ 76. Kxd7 Kf8 77. Kd8 Kg8 78.
Ke7 Kh8 79. Kf6 Kg8 80. g7 1-0

[Event "4NCL Division 3 North"]
[Site "Doncaster, ENG"]
[Date "2018.05.07"]
[Round "11.42"]
[White "Slinger, Tony J"]
[Black "Bak, Christopher"]
[Result "1/2-1/2"]
[WhiteElo "1869"]
[BlackElo "2041"]
[PlyCount "37"]
[EventDate "2018.05.07"]
[WhiteTeam "Bradford DCA Knights B"]
[BlackTeam "Bradford DCA Knights A"]

1. Nf3 c5 2. c4 Nc6 3. Nc3 Nd4 4. e3 Nxf3+ 5. Qxf3 g6 6. b3 Bg7 7. Bb2 d6 8. h3
Nh6 9. g4 f5 10. g5 Nf7 11. Qg3 Bd7 12. O-O-O e6 13. f4 Qa5 14. Kb1 O-O-O 15.
Bg2 h6 16. h4 hxg5 17. hxg5 Bc6 18. Bxc6 bxc6 19. Qg2 1/2-1/2

[Event "4NCL Division 3 North"]
[Site "Doncaster, ENG"]
[Date "2018.05.07"]
[Round "11.45"]
[White "Nicholson, Jim W R"]
[Black "McCarthy, Damian"]
[Result "1/2-1/2"]
[WhiteElo "1985"]
[BlackElo "1845"]
[PlyCount "77"]
[EventDate "2018.05.07"]
[WhiteTeam "Bradford DCA Knights A"]
[BlackTeam "Bradford DCA Knights B"]

1. d4 d5 2. Nf3 Nf6 3. e3 Bf5 4. c4 c6 5. cxd5 cxd5 6. Qb3 Qc7 7. Bd2 e6 8.
Bb5+ Nbd7 9. O-O a6 10. Rc1 Qb6 11. Ba4 Qxb3 12. Bxb3 Bd6 13. a4 Ke7 14. Nc3
Rhc8 15. Na2 Ne4 16. Bb4 Bxb4 17. Nxb4 Nd6 18. Nh4 a5 19. Nxf5+ Nxf5 20. Nd3
Nd6 21. Bd1 Rxc1 22. Rxc1 Rc8 23. Rxc8 Nxc8 24. Kf1 Nd6 25. Ke2 f5 26. h4 Kf6
27. f3 g6 28. b3 h6 29. Bc2 g5 30. hxg5+ hxg5 31. Nf2 e5 32. g4 exd4 33. exd4
f4 34. Kd2 b6 35. Bh7 Kg7 36. Bb1 Nb8 37. Nd3 Nc6 38. Kc3 Kf6 39. Bc2 1/2-1/2

[Event "4NCL Division 3 North"]
[Site "Doncaster, ENG"]
[Date "2018.05.07"]
[Round "11.52"]
[White "Timson, Paul F"]
[Black "Page, Mark E"]
[Result "0-1"]
[WhiteElo "1952"]
[BlackElo "2142"]
[PlyCount "70"]
[EventDate "2018.05.07"]
[WhiteTeam "Manchester Manticores 2"]
[BlackTeam "Warwickshire Select 2"]

1. d4 Nf6 2. c4 g6 3. Nc3 Bg7 4. e4 d6 5. Be2 O-O 6. Bg5 Na6 7. f4 c6 8. Nf3
Nc7 9. O-O Ne6 10. e5 Ng4 11. Qd2 Nxg5 12. Nxg5 dxe5 13. fxe5 Bxe5 14. Nf3 Bg7
15. h3 Bh6 16. Qe1 Ne3 17. Qh4 Nf5 18. Qe1 Be3+ 19. Kh1 Qc7 20. Ne4 Nxd4 21.
Nxd4 Bxd4 22. Qh4 Bg7 23. Bd3 f5 24. Ng5 h6 25. Nf3 e5 26. c5 Be6 27. Bc4 Bxc4
28. Qxc4+ Qf7 29. Qc2 Rad8 30. Rad1 e4 31. Nd2 Rd4 32. b3 Qd5 33. Nb1 Rd8 34.
Rxd4 Qxd4 35. Na3 Rd5 0-1

[Event "4NCL Division 3 North"]
[Site "Doncaster, ENG"]
[Date "2018.05.07"]
[Round "11.54"]
[White "Hilton, Tim"]
[Black "Ingram, Keith R"]
[Result "1/2-1/2"]
[WhiteElo "1997"]
[BlackElo "1951"]
[PlyCount "90"]
[EventDate "2018.05.07"]
[WhiteTeam "Manchester Manticores 2"]
[BlackTeam "Warwickshire Select 2"]

1. c4 e5 2. g3 Nf6 3. Bg2 Nc6 4. Nc3 Bb4 5. e4 O-O 6. Nge2 d6 7. O-O Bg4 8. h3
Be6 9. d3 Bc5 10. Kh2 Ne8 11. Be3 Nd4 12. Rb1 a5 13. f4 Nxe2 14. Qxe2 Bxe3 15.
Qxe3 f6 16. f5 Bf7 17. b4 axb4 18. Rxb4 Ra3 19. Qd2 Qa8 20. Rfb1 Qa5 21. R1b3
Rxb3 22. Rxb3 b6 23. Qe3 g6 24. h4 Ng7 25. g4 Ra8 26. Bh3 Qc5 27. Qg3 Ra3 28.
fxg6 hxg6 29. Qf3 Ne8 30. g5 Rxb3 31. axb3 Qb4 32. Nd5 Qd2+ 33. Qg2 Qxg2+ 34.
Kxg2 Bxd5 35. cxd5 Kf7 36. Bg4 Ng7 37. Kf3 Nh5 38. Bxh5 gxh5 39. gxf6 Kxf6 40.
Ke3 Ke7 41. Kd2 Kd7 42. Kc3 c6 43. Kc4 Kc7 44. dxc6 Kxc6 45. b4 b5+ 1/2-1/2

[Event "4NCL Division 3 North"]
[Site "Doncaster, ENG"]
[Date "2018.05.07"]
[Round "11.56"]
[White "Jones, Neil T"]
[Black "Cundy, Mark A"]
[Result "1-0"]
[WhiteElo "1862"]
[BlackElo "1904"]
[PlyCount "45"]
[EventDate "2018.05.07"]
[WhiteTeam "Manchester Manticores 2"]
[BlackTeam "Warwickshire Select 2"]

1. e4 c5 2. Nf3 Nc6 3. d4 cxd4 4. Nxd4 Nf6 5. Nc3 e5 6. Ndb5 d6 7. Bg5 a6 8.
Na3 b5 9. Bxf6 gxf6 10. Nd5 f5 11. Bd3 Be6 12. c4 bxc4 13. Nxc4 Bxd5 14. exd5
Nd4 15. Qa4+ Ke7 16. Ne3 Kf6 17. O-O Bh6 18. Qd1 Rg8 19. Qh5 Qf8 20. Nxf5 Nxf5
21. Qxf5+ Ke7 22. Rae1 Bf4 23. Qxf4 1-0

[Event "4NCL Division 3 North"]
[Site "Doncaster, ENG"]
[Date "2018.05.07"]
[Round "11.62"]
[White "Natt, Anthony L"]
[Black "Hodge, Steve R"]
[Result "1/2-1/2"]
[WhiteElo "1952"]
[BlackElo "2042"]
[PlyCount "44"]
[EventDate "2018.05.07"]
[WhiteTeam "Spirit of Atticus B"]
[BlackTeam "Jorvik"]

1. e4 c5 2. Nf3 Nc6 3. d4 cxd4 4. Nxd4 Nf6 5. f3 e5 6. Nb3 d5 7. exd5 Nxd5 8.
c4 Bb4+ 9. Ke2 Nf4+ 10. Bxf4 Qxd1+ 11. Kxd1 exf4 12. a3 Be7 13. Nc3 Be6 14. Kc2
O-O-O 15. Re1 Rhe8 16. Bd3 a6 17. Nd5 Bxd5 18. cxd5 Rxd5 19. Bc4 Rd6 20. Bxf7
Red8 21. Re4 g5 22. Rhe1 Bf6 1/2-1/2

[Event "4NCL Division 3 North"]
[Site "Doncaster, ENG"]
[Date "2018.05.07"]
[Round "11.74"]
[White "Livesey, R Nigel"]
[Black "Abbas, Ahmed C"]
[Result "0-1"]
[WhiteElo "1780"]
[BlackElo "1652"]
[PlyCount "110"]
[EventDate "2018.05.07"]
[WhiteTeam "Manchester Manticores 3"]
[BlackTeam "3Cs 3"]

1. d4 Nf6 2. Nf3 g6 3. Bf4 Bg7 4. e3 O-O 5. Be2 d6 6. h3 c5 7. c3 Qb6 8. Qb3
Be6 9. Qa3 Nc6 10. Nbd2 Qa5 11. Qxa5 Nxa5 12. O-O Rac8 13. dxc5 dxc5 14. Ne5
Nd5 15. Bg3 Nb6 16. Rfd1 Rfd8 17. Bg4 Bxg4 18. hxg4 Rd5 19. Ndf3 Rcd8 20. Rxd5
Rxd5 21. e4 Rd8 22. g5 Nac4 23. b3 Nd2 24. Rc1 Nxe4 25. Bf4 f6 26. gxf6 exf6
27. Ng4 h5 28. Ne3 Rd3 29. c4 g5 30. Bc7 g4 31. Nh4 Rd7 32. Bf4 Nc8 33. Nhf5
Ne7 34. Nxe7+ Rxe7 35. Nd5 Re8 36. Re1 f5 37. f3 Bd4+ 38. Kh2 Bf2 39. fxe4 Bxe1
40. Nf6+ Kf7 41. Nxe8 Kxe8 42. exf5 Kf7 43. Be5 Bh4 44. g3 Bf6 45. Bb8 a6 46.
Bd6 Bd4 47. a3 Kf6 48. a4 Kxf5 49. Kg2 Ke4 50. Kf1 Kd3 51. Ke1 Kc3 52. Ke2 Kxb3
53. a5 Kxc4 54. Bc7 Bc3 55. Kd1 Bb4 0-1

[Event "4NCL Division 3 North"]
[Site "Doncaster, ENG"]
[Date "2018.05.07"]
[Round "11.76"]
[White "Pardoe, David"]
[Black "Harman, Daryl"]
[Result "0-1"]
[WhiteElo "1765"]
[BlackElo "1015"]
[PlyCount "68"]
[EventDate "2018.05.07"]
[WhiteTeam "Manchester Manticores 3"]
[BlackTeam "3Cs 3"]

1. d4 d5 2. c4 Bf5 3. Nc3 e6 4. Bf4 a6 5. e3 Nf6 6. Nf3 Nc6 7. a3 h6 8. Bd3 Bd6
9. Bg3 Bxg3 10. hxg3 Ne4 11. Qb3 O-O 12. cxd5 Nxc3 13. dxc6 Bxd3 14. cxb7 Rb8
15. Qxc3 Bb5 16. a4 Be8 17. g4 Rxb7 18. b3 Qb8 19. Nd2 f5 20. Qc4 Rb6 21. Rc1
Rc6 22. Qxc6 Bxc6 23. Rxc6 Qb7 24. Rxe6 Qxg2 25. Rh4 fxg4 26. Ne4 g3 27. Rf4
Rxf4 28. exf4 Qh1+ 29. Ke2 g2 30. Rg6 Qf1+ 31. Kf3 g1=Q 32. Rxg1 Qxg1 33. Nc5
h5 34. Ne6 Qg4+ 0-1

[Event "4NCL Division 3 North"]
[Site "Doncaster, ENG"]
[Date "2018.05.07"]
[Round "11.84"]
[White "Clarke, Paul Rh"]
[Black "Gogia, Armaan"]
[Result "1-0"]
[WhiteElo "1731"]
[BlackElo "1825"]
[PlyCount "113"]
[EventDate "2018.05.07"]
[WhiteTeam "Bradford DCA Knights C"]
[BlackTeam "Ashfield-Breadsall 2"]

1. Nf3 d6 2. d4 Nf6 3. Bf4 g6 4. h3 Bg7 5. e3 O-O 6. Be2 Nbd7 7. c3 c6 8. O-O
Re8 9. Re1 Qc7 10. Nbd2 e5 11. dxe5 dxe5 12. Bh2 Nd5 13. Qb3 Nc5 14. Qc4 Ne6
15. Rad1 b5 16. Qe4 Nc5 17. Qc2 Bb7 18. a3 a5 19. c4 bxc4 20. Nxc4 Nd7 21. e4
Nf4 22. Bf1 Ba6 23. Qc3 Bxc4 24. Bxc4 Nb6 25. Ba2 Red8 26. Rc1 Nd3 27. Qxc6
Qxc6 28. Rxc6 Nxe1 29. Nxe1 Nd7 30. f3 Rab8 31. Rc2 Rbc8 32. Re2 Nb6 33. Kf2
Nc4 34. Bxc4 Rxc4 35. Kf1 f6 36. Bg1 Rd6 37. Be3 Kf7 38. Bd2 a4 39. Bc3 Bh6 40.
Nc2 Rd1+ 41. Re1 Rxe1+ 42. Kxe1 Ke6 43. Nb4 Be3 44. Ke2 Bc5 45. Kd3 Rd4+ 46.
Bxd4 Bxd4 47. Kc2 f5 48. b3 fxe4 49. fxe4 axb3+ 50. Kxb3 Kf6 51. Nc6 Kg5 52.
Nxd4 exd4 53. Kc4 Kf4 54. Kxd4 Kg3 55. e5 Kxg2 56. e6 Kxh3 57. e7 1-0

[Event "4NCL Division 3 North"]
[Site "Doncaster, ENG"]
[Date "2018.05.07"]
[Round "11.85"]
[White "Graham, Neil"]
[Black "Braham, Peter"]
[Result "1/2-1/2"]
[WhiteElo "1782"]
[BlackElo "1720"]
[PlyCount "27"]
[EventDate "2018.05.07"]
[WhiteTeam "Ashfield-Breadsall 2"]
[BlackTeam "Bradford DCA Knights C"]

1. d4 d6 2. c3 e5 3. dxe5 dxe5 4. Qxd8+ Kxd8 5. e4 Be6 6. Nf3 f6 7. Be3 Nd7 8.
Nbd2 c6 9. Bc4 Bxc4 10. Nxc4 b5 11. Na5 Kc7 12. O-O Bc5 13. Rfe1 Nh6 14. b4
1/2-1/2

[Event "4NCL Division 3 North"]
[Site "Doncaster, ENG"]
[Date "2018.05.07"]
[Round "11.95"]
[White "Ross, Stuart"]
[Black "Plaza Reino, Mateo"]
[Result "1-0"]
[WhiteElo "1675"]
[BlackElo "1493"]
[PlyCount "99"]
[EventDate "2018.05.07"]
[WhiteTeam "Shropshire 2"]
[BlackTeam "Enniscorthy"]

1. e4 c5 2. Nf3 d6 3. d4 cxd4 4. Nxd4 Nf6 5. Nc3 g6 6. Be3 Bg7 7. f3 O-O 8. Qd2
Nc6 9. Bc4 Bd7 10. Bb3 a6 11. O-O-O b5 12. h4 Ne5 13. Kb1 Nc4 14. Bxc4 bxc4 15.
Bh6 Rb8 16. Bxg7 Kxg7 17. Nd5 Ng8 18. Qc3 e5 19. Ne2 Qc8 20. Ne3 Qc5 21. Rd5
Qb4 22. Qxb4 Rxb4 23. Rxd6 Be6 24. Nd5 Bxd5 25. Rxd5 Rfb8 26. b3 cxb3 27. axb3
R4b5 28. Rxb5 Rxb5 29. Rd1 Nf6 30. Kb2 Rb8 31. c4 a5 32. Ra1 Ra8 33. Kc2 Nd7
34. b4 a4 35. c5 Kf8 36. Nc3 Ke7 37. Rxa4 Rxa4 38. Nxa4 Kd8 39. Kd3 Kc7 40. Kc4
f6 41. b5 Kc8 42. Nb6+ Nxb6+ 43. cxb6 Kb7 44. Kc5 h5 45. Kd5 Kxb6 46. Ke6 Kxb5
47. Kxf6 Kc5 48. Kxe5 Kc4 49. Kf6 Kd3 50. Kxg6 1-0

[Event "4NCL Division 3 North"]
[Site "Doncaster, ENG"]
[Date "2018.05.07"]
[Round "11.96"]
[White "Copeland, Victor"]
[Black "Peck, Windsor W A"]
[Result "0-1"]
[WhiteElo "1000"]
[BlackElo "1555"]
[PlyCount "60"]
[EventDate "2018.05.07"]
[WhiteTeam "Enniscorthy"]
[BlackTeam "Shropshire 2"]

1. Nf3 d6 2. g3 e5 3. d3 b6 4. Bg2 Bb7 5. Nc3 Nd7 6. O-O Rb8 7. e4 Ngf6 8. Ng5
Be7 9. Re1 O-O 10. Nf3 Nc5 11. Nd2 Ne6 12. Nc4 Nd4 13. Ne3 c6 14. a4 h6 15. b3
Kh8 16. Rb1 Bc8 17. b4 b5 18. a5 Nh7 19. Rf1 f5 20. f4 Be6 21. fxe5 dxe5 22.
exf5 Bd7 23. Be4 Nf6 24. Bg2 Qc7 25. Bd2 Qc8 26. Bh3 c5 27. Na2 cxb4 28. Nxb4
Bc5 29. c3 Nc6 30. Nbd5 Nxd5 {Scoresheet has missing moves} 0-1

[Event "4NCL Division 3 North"]
[Site "Doncaster, ENG"]
[Date "2018.05.07"]
[Round "11.46"]
[White "Adam, David W"]
[Black "Gardiner, Eric D"]
[Result "1/2-1/2"]
[WhiteElo "1814"]
[BlackElo "1975"]
[PlyCount "96"]
[EventDate "2018.05.07"]
[WhiteTeam "Bradford DCA Knights B"]
[BlackTeam "Bradford DCA Knights A"]

1. c4 e5 2. d3 Nc6 3. g3 d6 4. Bg2 g6 5. Nc3 Bg7 6. e4 Be6 7. Nge2 Qd7 8. Nd5
Nce7 9. Nec3 c6 10. Ne3 f5 11. exf5 gxf5 12. Qh5+ Ng6 13. Bd2 N8e7 14. O-O-O
O-O-O 15. Rhe1 f4 16. gxf4 Nxf4 17. Qh4 Nxd3+ 18. Kb1 Nxe1 19. Bxe1 Nf5 20.
Nxf5 Bxf5+ 21. Ka1 Kb8 22. Ne4 Qe6 23. Ng3 Bf6 24. Qh6 Bc2 25. Rc1 Bg6 26. Qe3
Rhf8 27. Qb3 Rc8 28. Bd2 e4 29. Be3 c5 30. Ne2 Rc6 31. Nf4 Qe5 32. Nd5 Bg5 33.
Re1 Bxe3 34. Qxe3 Qd4 35. Ne7 Rb6 36. Qxd4 cxd4 37. Bxe4 Re8 38. Bxg6 hxg6 39.
Nc6+ Rxc6 40. Rxe8+ Kc7 41. b3 Rc5 42. Re4 Rf5 43. Rxd4 Rxf2 44. Rg4 Rxh2 45.
Rxg6 Kc6 46. Rg5 b6 47. Rd5 a6 48. Rd1 Rg2 1/2-1/2

[Event "4NCL Division 3 North"]
[Site "Doncaster, ENG"]
[Date "2018.05.07"]
[Round "11.44"]
[White "Dean, Robert A"]
[Black "Jennings, Roger W"]
[Result "0-1"]
[WhiteElo "1851"]
[BlackElo "2020"]
[PlyCount "88"]
[EventDate "2018.05.07"]
[WhiteTeam "Bradford DCA Knights B"]
[BlackTeam "Bradford DCA Knights A"]

1. e4 g6 2. d4 Bg7 3. c3 d6 4. f4 Nf6 5. Bd3 O-O 6. Nf3 Nh5 7. O-O Bg4 8. Qb3
Nc6 9. Qxb7 Bd7 10. Qb3 Na5 11. Qc2 c5 12. d5 c4 13. Be2 Qb6+ 14. Kh1 Nf6 15.
Nd4 Rab8 16. Nd2 Ng4 17. Bxg4 Bxg4 18. N2f3 e6 19. dxe6 fxe6 20. h3 Bxf3 21.
Nxf3 e5 22. Ng5 exf4 23. Ne6 Rf6 24. Nxg7 Kxg7 25. Rxf4 Rxf4 26. Bxf4 Qxb2 27.
Qxb2 Rxb2 28. Bxd6 Re2 29. e5 Nc6 30. Rb1 Nxe5 31. Rb7+ Kf6 32. Rxa7 Nd3 33. a4
Rc2 34. Bb4 Nxb4 35. cxb4 Ke5 36. Rxh7 Rb2 37. b5 c3 38. Rc7 Kd4 39. Kh2 Rb4
40. Rd7+ Kc4 41. Rc7+ Kd4 42. Rf7 c2 43. Rc7 Rc4 44. Rd7+ Kc3 0-1

[Event "4NCL Division 3 North"]
[Site "Doncaster, ENG"]
[Date "2018.05.07"]
[Round "11.73"]
[White "Denisov, Denis"]
[Black "Potter, Steven"]
[Result "0-1"]
[WhiteElo "1712"]
[BlackElo "1840"]
[PlyCount "70"]
[EventDate "2018.05.07"]
[WhiteTeam "3Cs 3"]
[BlackTeam "Manchester Manticores 3"]

1. e4 b6 2. d4 e6 3. c4 Bb7 4. Nc3 Bb4 5. Bd3 f5 6. Qe2 Nf6 7. f3 fxe4 8. fxe4
Nxe4 9. Qh5+ g6 10. Qe5 Qf6 11. Qxf6 Nxf6 12. Nf3 Bxf3 13. gxf3 Nc6 14. Be3 e5
15. d5 Nd4 16. O-O Nf5 17. Bg5 O-O 18. Nb5 c6 19. dxc6 dxc6 20. Nc7 Rac8 21.
Na6 Be7 22. Rae1 Bd6 23. f4 e4 24. Bxe4 Nxe4 25. Rxe4 h6 26. Re6 Kg7 27. Rxd6
Nxd6 28. Be7 Nxc4 29. Bxf8+ Kxf8 30. b3 Ne3 31. Re1 Nd5 32. Rf1 Kf7 33. Rf2 Re8
34. Kg2 Kf6 35. Rc2 Ne3+ 0-1

[Event "4NCL Division 3 North"]
[Site "Doncaster, ENG"]
[Date "2018.05.07"]
[Round "11.64"]
[White "Mort, Andrew J"]
[Black "Brencher, Paul"]
[Result "1/2-1/2"]
[WhiteElo "1877"]
[BlackElo "1862"]
[PlyCount "35"]
[EventDate "2018.05.07"]
[WhiteTeam "Spirit of Atticus B"]
[BlackTeam "Jorvik"]

1. c4 d6 2. g3 c5 3. Bg2 Nc6 4. Nc3 g6 5. e4 Bg7 6. Nge2 Bd7 7. d3 e5 8. O-O h5
9. h3 h4 10. g4 f5 11. gxf5 gxf5 12. f4 Nge7 13. Nd5 Nxd5 14. cxd5 Ne7 15. fxe5
Bxe5 16. Bf4 Bxf4 17. Nxf4 Qb6 18. Qb3 1/2-1/2